| 000 | 01066cab a2200241 4500 | ||
|---|---|---|---|
| 001 | ABS67526 | ||
| 008 | 040302n2004 000 0 eng u | ||
| 035 | _a(Sirsi) u125293 | ||
| 100 | _aLarcombe, F. | ||
| 245 | _aThere's still life in the lease code | ||
| 260 | _c2004 | ||
| 490 |
_aProperty Week _v 69(6) 6 February 2004, 42-43 (2) |
||
| 520 | _aDiscusses the findings of a recent survey by SJ Berwin on the impact of the Code of Practice for Commercial Leases on the property sector so far. Reveals that contrary to expectations many leases reflect the commercial lease code recommendations with 68% of the 60 tenants and agents interviewed stating that they had either granted or taken a lease substantially in line with the code. Includes charts. | ||
| 590 | _aKA | ||
| 650 | _aCOMMERCIAL LEASES | ||
| 650 | _aLEGISLATION | ||
| 650 | _aSURVEY | ||
| 650 | _aAGENTS | ||
| 650 | _aPROPERTY-COMMERCIAL PROPERTY | ||
| 650 | _aCODE FOR LEASING BUSINESS PREMISES IN ENGLAND AND WALES | ||
| 690 | _aLANDLORD AND TENANT-BUSINESS TENANCIES | ||
| 942 | _n0 | ||
| 999 |
_c74209 _d74209 |
||